Amigos por el viento /
Guardado en:
| Autor Principal: | |
|---|---|
| Formato: | Libro |
| Idioma: | Undetermined |
| Publicado: |
Buenos Aires :
Alfaguara,
2013.
|
| Series: | Alfaguara Infantil
|
| Materias: | |
| Etiquetas: |
Agregar Etiqueta
Sin Etiquetas, Sea el primero en etiquetar este registro!
|
| LEADER | 01644nam a22003615a 4500 | ||
|---|---|---|---|
| 001 | CEM.cems019559 | ||
| 008 | 220922s2013####ag############000#0#und#d | ||
| 005 | 20221123114429.0 | ||
| 245 | 1 | 0 | |a Amigos por el viento / |c Liliana Bodoc. |
| 260 | |a Buenos Aires : |b Alfaguara, |c 2013. | ||
| 300 | |a 68 p. : |b ilustraciones de José Sanabria ; |c 20 cm. | ||
| 490 | 1 | |a Alfaguara Infantil | |
| 500 | |a Literatura Infantil. | ||
| 020 | |a 9870410287 | ||
| 100 | 1 | |a Liliana Bodoc. | |
| 700 | 1 | |a Liliana Bodoc. | |
| 082 | 0 | 4 | |a A863 |
| 653 | |a Literatura Infantil | ||
| 653 | |a Literatura Argentina | ||
| 653 | |a Cuentos | ||
| 653 | |a Narrativa Infantil | ||
| 859 | |a CEMS |b BIB. CEMS - Inicial y Primaria |h A863.4 |i B632-1 |k IP |p 3824 |t Ej.1 | ||
| 859 | |a CEMS |b BIB. CEMS - Inicial y Primaria |h A863.4 |i B632-1 |k IP |p 5697 |t Ej.2 | ||
| 859 | |a CEMS |b BIB. CEMS - Inicial y Primaria |h A863.4 |i B632-1 |k IP |p 5567 |t Ej.3 | ||
| 859 | |a CEMS |b BIB. CEMS - Inicial y Primaria |h A863.4 |i B632-1 |k IP |p 5568 |t Ej.4 | ||
| 859 | |a CEMS |b BIB. CEMS - Inicial y Primaria |h A863.4 |i B632-1 |k IP |p 5569 |t Ej.5 | ||
| 859 | |a CEMS |b BIB. CEMS - Inicial y Primaria |h A863.4 |i B632-1 |k IP |p 5570 |t Ej.6 | ||
| 859 | |a CEMS |b BIB. CEMS - Inicial y Primaria |h A863.4 |i B632-1 |k IP |p 5571 |t Ej.7 | ||
| 859 | |a CEMS |b BIB. CEMS - Inicial y Primaria |h A863.4 |i B632-1 |k IP |p 5572 |t Ej.8 | ||
| 859 | |a CEMS |b BIB. CEMS - Inicial y Primaria |h A863.4 |i B632-1 |k IP |p 5574 |t Ej.9 | ||
| 859 | |a CEMS |b BIB. CEMS - Inicial y Primaria |h A863.4 |i B632-1 |k IP |p 5575 |t Ej.10 | ||
| 859 | |a CEMS |b BIB. CEMS - Inicial y Primaria |h A863.4 |i B632-1 |k IP |p 5576 |t Ej.11 | ||
| 859 | |a CEMS |b BIB. CEMS - Inicial y Primaria |h A863.4 |i B632-1 |k IP |p 5573 |t Ej.12 | ||
